Replies to the questions submitted for the consideration of the International prison congress to be held at Stockholm, August, 1877.

Bibliographic Details
Main Author: Vaux, Richard, 1816-1895
Format: Book
Language:English
Published: Philadelphia : McLaughlin Brothers' Book and Job Printing Establishment, 1876.
Subjects:

MARC

Tag First Indicator Second Indicator Subfields
LEADER 00000cam a2200000 4500
001 in00000675708
005 20151015082110.0
008 800919r19741876miu a 00000 eng d
035 |a (OCoLC)06729830 
035 |9 ACX8696AM 
040 |a EEU  |c TXA  |d UtOrBLW 
049 |a TXAI 
090 |a HV8670  |b .V3 
099 |a film  |a B  |a 1512  |a reel  |a 588.6 
100 1 |a Vaux, Richard,  |d 1816-1895. 
245 1 0 |a Replies to the questions submitted for the consideration of the International prison congress to be held at Stockholm, August, 1877. 
264 1 |a Philadelphia :  |b McLaughlin Brothers' Book and Job Printing Establishment,  |c 1876. 
300 |a 35 pages ;  |c 24 cm. 
336 |a text  |b txt  |2 rdacontent 
337 |a microform  |b h  |2 rdamedia 
338 |a microfilm reel  |b hd  |2 rdacarrier 
500 |a Microfilm. Ann Arbor, Mich., Xerox University Microfilms, 1974. 35 mm. (American Culture Series, reel 588.6) 
500 |a Microform. 
650 0 |a Punishment. 
650 0 |a Prisons. 
999 |a MARS 
999 f f |s e9b24baa-2421-39a8-837b-246655d501db  |i e3caa08a-6ad1-3b11-92e4-74f22e7745c5  |t 0 
952 f f |p default  |a Texas A&M University  |b College Station  |c Sterling C. Evans Library  |d Evans: Microforms (3rd floor)  |t 0  |e film B 1512 reel 588.6  |h Other scheme  |i microform -- microfilm reel 
998 f f |a film B 1512 reel 588.6  |t 0  |l Evans: Microforms (3rd floor)